LEADER 02472nlm0 22006611i 450 001 990009258440403321 010 $a9783540896524 035 $a000925844 035 $aFED01000925844 035 $a(Aleph)000925844FED01 035 $a000925844 100 $a20100926d2008----km-y0itay50------ba 101 0 $aeng 102 $aDE 135 $adrnn-008mamaa 200 1 $aService-Oriented Computing – ICSOC 2008$bRisorsa elettronica$e6th International Conference, Sydney, Australia, December 1-5, 2008. Proceedings$fedited by David Hutchison, Takeo Kanade, Josef Kittler, Jon M. Kleinberg, Friedemann Mattern, John C. Mitchell, Moni Naor, Oscar Nierstrasz, C. Pandu Rangan, Bernhard Steffen, Madhu Sudan, Demetri Terzopoulos, Doug Tygar, Moshe Y. Vardi, Gerhard Weikum, Athman Bouguettaya, Ingolf Krueger, Tiziana Margaria 210 $aBerlin ; Heidelberg$cSpringer$d2008 225 1 $aLecture Notes in Computer Science$x0302-9743$v5364 230 $aDocumento elettronico 336 $aTesto 337 $aFormato html, pdf 702 1$aBouguettaya,$bAthman 702 1$aHutchison,$bDavid 702 1$aKanade,$bTakeo 702 1$aKittler,$bJosef 702 1$aKleinberg,$bJon M. 702 1$aKrueger,$bIngolf 702 1$aMargaria,$bTiziana 702 1$aMattern,$bFriedemann 702 1$aMitchell,$bJohn C. 702 1$aNaor,$bMoni 702 1$aNierstrasz,$bOscar 702 1$aPandu Rangan,$bC. 702 1$aSteffen,$bBernhard 702 1$aSudan,$bMadhu 702 1$aTerzopoulos,$bDemetri 702 1$aTygar,$bDoug 702 1$aVardi,$bMoshe Y. 702 1$aWeikum,$bGerhard 801 0$aIT$bUNINA$gREICAT$2UNIMARC 856 4 $zFull text per gli utenti Federico II$uhttp://dx.doi.org/10.1007/978-3-540-89652-4 901 $aEB 912 $a990009258440403321 961 $aBusiness Information Systems 961 $aComputer Communication Networks 961 $aComputer Communication Networks 961 $aComputer science 961 $aComputer Science 961 $aComputers and Society 961 $aInformation Storage and Retrieval 961 $aInformation storage and retrieval systems 961 $aInformation systems 961 $aInformation Systems Applications (incl.Internet) 961 $aManagement information systems 961 $aSoftware engineering 961 $aSoftware Engineering 996 $aService-Oriented Computing – ICSOC 2008$9774066 997 $aUNINA LEADER 01324nam 2200445 450 001 9910555271603321 005 20200513190256.0 010 $a3-433-60533-5 010 $a3-433-60532-7 035 $a(CKB)4330000000010272 035 $a(MiAaPQ)EBC5750078 035 $a(EXLCZ)994330000000010272 100 $a20190502d2019 uy 0 101 0 $ager 135 $aurcnu|||||||| 181 $ctxt$2rdacontent 182 $cc$2rdamedia 183 $acr$2rdacarrier 200 10$aAusführung von Stahlbauten $eKommentare zu DIN EN 1090-2 und DIN EN 1090-4 /$fHerbert Schmidt, [and five others] 205 $a2. uberarbeitete und erweiterte Auflage. 210 1$aBerlin :$cErnst & Sohn,$d2019. 215 $a1 online resource (1,049 pages) 311 $a3-433-03185-1 311 $a3-433-03108-8 606 $aBuilding, Iron and steel 606 $aSteel, Structural 606 $aStrength of materials 608 $aElectronic books. 615 0$aBuilding, Iron and steel. 615 0$aSteel, Structural. 615 0$aStrength of materials. 676 $a624.1821 700 $aSchmidt$b Herbert$0631463 801 0$bMiAaPQ 801 1$bMiAaPQ 801 2$bMiAaPQ 906 $aBOOK 912 $a9910555271603321 996 $aAusführung von Stahlbauten$92818078 997 $aUNINA